LEADER 01073nam a22002651i 4500 001 991000726509707536 005 20040128142829.0 008 040220s1993 it |||||||||||||||||ita 035 $ab12661272-39ule_inst 035 $aARCHE-065961$9ExL 040 $aDip.to Scienze pedagogiche$bita$cA.t.i. Arché s.c.r.l. Pandora Sicilia s.r.l. 082 04$a155.282 100 1 $aMarchesan, Rolando$0482758 245 10$aPsicologia della scrittura /$cRolando Marchesan 260 $aMilano :$bXenia,$c1993 300 $a235 p. ;$c21 cm 440 2$aI libri dell'altra scienza / collana diretta da Cesare Mariscotti 650 4$aGrafologia 907 $a.b12661272$b02-04-14$c17-03-04 912 $a991000726509707536 945 $aLE022 MP 124 F 25$g1$i2022000188135$lle022$o-$pE0.00$q-$rl$s- $t0$u0$v0$w0$x0$y.i13168393$z17-03-04 945 $aLE022 MP 124 F 25 bis$g2$i2022000188142$lle022$o-$pE0.00$q-$rl$s- $t0$u0$v0$w0$x0$y.i1316840x$z17-03-04 996 $aPsicologia della scrittura$9273095 997 $aUNISALENTO 998 $ale022$b17-03-04$cm$da $e-$fita$git $h0$i2 LEADER 01065pam a2200265 a 4500 001 991003799959707536 008 200423s1994 enka b 001 0 eng d 020 $a9780521454506 035 $ab14389575-39ule_inst 040 $aBibl. Dip.le Aggr. Matematica e Fisica - Sez. Fisica$beng 082 04$a530/.01$220 084 $aLC QC20 100 1 $aCook, Alan H.$045898 245 14$aThe observational foundations of physics /$cSir Alan Cook 260 $aCambridge ;$aNew York :$bCambridge University Press,$c1994 300 $axii, 164 p. :$bill. ;$c24 cm 504 $aIncludes bibliographical references (p. 156-159) and index 650 4$aMathematical physics 650 4$aPhysical measurements 907 $a.b14389575$b13-01-21$c23-04-20 912 $a991003799959707536 945 $aLE006 Fondo Polezzo 188$cEx libris Stefano Polezzo$g1$i2006000186360$lle006$og$pE58.64$q-$rl$s- $t0$u0$v0$w0$x0$y.i15946137$z13-01-21 996 $aObservational foundations of physics$91752430 997 $aUNISALENTO 998 $ale006$b23-04-20$cm$da $e $feng$genk$h4$i0